Горение и проблемы тушения пожаров. Секция "Горение в неконтролируемых условиях и оценка пожароопасности веществ": материалы VII всесоюзной научно-практической конференции, Москва, 1981 г.

Bibliographische Detailangaben
Körperschaften: Всесоюзный научно-исследовательский институт противопожарной обороны (570), Горение и проблемы тушения пожаров
Sprache:Russisch
Veröffentlicht: Москва, Изд-во ВНИИПО, 1981
Schlagworte:
Format: MixedMaterials Buch
KOHA link:https://koha.lib.tpu.ru/cgi-bin/koha/opac-detail.pl?biblionumber=309880

MARC

LEADER 00000nam0a2200000 4500
001 309880
005 20231102002231.0
020 |a RU  |b 82-5315 
020 |a RU  |b 82-5315 
035 |a (RuTPU)RU\TPU\book\335219 
090 |a 309880 
100 |a 20151118d1981 km y0rusy5003 ca 
101 0 |a rus 
102 |a RU 
105 |a a z 101zy 
200 1 |a Горение и проблемы тушения пожаров. Секция "Горение в неконтролируемых условиях и оценка пожароопасности веществ"  |e материалы VII всесоюзной научно-практической конференции, Москва, 1981 г.  |f Всесоюзный научно-исследовательский институт противопожарной обороны 
210 |a Москва  |c Изд-во ВНИИПО  |d 1981 
215 |a 55 с.  |c ил. 
320 |a Библиогр. в конце докл. 
606 1 |a Пожаротушение  |2 stltpush  |3 (RuTPU)RU\TPU\subj\49951  |9 68711 
610 1 |a химические вещества 
610 1 |a пожарная охрана 
610 1 |a пламя 
610 1 |a распространение 
610 1 |a фазовая динамика 
610 1 |a газовые взвеси 
610 1 |a пожаровзрывоопасность 
610 1 |a пожарная безопасность 
610 1 |a пластмассовые материалы 
610 1 |a конференции 
610 1 |a Москва 
675 |a 614.842.6(063)  |z rus  |v 3 
712 0 2 |a Всесоюзный научно-исследовательский институт противопожарной обороны  |g ВНИИПО  |2 stltpush  |3 (RuTPU)RU\TPU\col\8877 
712 1 2 |a Горение и проблемы тушения пожаров  |c материалы конфененции  |d 7  |e Москва  |f 1981  |4 570 
801 0 |a RU  |b RuMRKP  |c 19950704  |g psbo 
801 1 |a RU  |b 63413507  |c 20151118 
801 2 |a RU  |b 63413507  |c 20190909  |g RCR 
942 |c BK